000 00294nam a22001097a 4500
008 160506b xxu||||| |||| 00| 0 eng d
020 _a0964615142
041 _aeng
080 _a61
245 _aClinical Guidelines in child health:
_cMary Virginia Graham; Constance R. Uphold;
942 _2udc
_cBK
999 _c1848
_d1848